Sports Quiz

Random Sports or Puzzle Quiz

Find the Pattern: Big 4 Sports Teams Quiz Stats

Quiz Updated Jun 4, 2017

Challenge
Share
Tweet
Embed
Score 0/6 Timer 15:00
6 Plays Today
% Correct
⭐ Teams From Canada ⭐
86%
⭐ Basketball Teams ⭐
85.1%
⭐ West Coast Teams ⭐
83.9%
⭐ Animal Team Names ⭐
82.9%
⭐ Team Names Beginning With 'R' ⭐
73.1%
⭐ Nicknames Not Ending in 'S' ⭐
47.7%

You're not logged in!

Compare scores with friends on all Sporcle quizzes.
Sign Up with Email
OR
Log In

You Might Also Like...

Show Comments

Extras

Top Quizzes Today


Score Distribution

Your Account Isn't Verified!

In order to create a playlist on Sporcle, you need to verify the email address you used during registration. Go to your Sporcle Settings to finish the process.